| 000 | 00607nam a2200217 a 4500 | ||
|---|---|---|---|
| 999 |
_c2215 _d2215 |
||
| 001 | 2215 | ||
| 003 | BD-JhCC | ||
| 005 | 20171031155000.0 | ||
| 008 | 171031s1967 bg |||| ||a| 000 0 ben d | ||
| 035 | _a(BD-JhCC)2215 | ||
| 040 |
_aBD-JhCC _dBD-JhCC |
||
| 041 | _aben | ||
| 082 |
_a891.4409 _bMAG 1967 |
||
| 100 | _aমাগন, কোরেশী | ||
| 245 |
_aচন্দ্রাবতী / _cকোরেশী মাগন, |
||
| 260 |
_aঢাকা : _bবাঙলা একাডেমী, _c1967 |
||
| 300 | _a72 p. : | ||
| 650 | _aBengali Literature | ||
| 942 |
_2ddc _cBK |
||